| 000 | 00524nam a2200205Ia 4500 | ||
|---|---|---|---|
| 008 | 180523s9999 xx 000 0 und d | ||
| 020 | _a9814-12-628-4 | ||
| 050 | _aMAIN HF 5549 | ||
| 050 | _b.F57 2001 c.2 | ||
| 100 | _aFirth, David | ||
| 245 | 0 | _aSmart things to know about people management / | |
| 245 | 0 | _cDavid Firth. | |
| 260 | _aLondon : | ||
| 260 | _bCapstone Publishing, | ||
| 260 | _c2001 | ||
| 300 | _a228 pages : | ||
| 300 | _c21 cm. | ||
| 500 | _aIncludes index. | ||
| 650 | _aPersonnel management. | ||
| 999 |
_c357148 _d357148 |
||